000170150 001__ 170150
000170150 005__ 20260410135818.0
000170150 0247_ $$2doi$$a10.1111/j.1467-789X.2011.00878.x
000170150 0248_ $$2sideral$$a73730
000170150 037__ $$aART-2011-73730
000170150 041__ $$aeng
000170150 100__ $$0(orcid)0000-0001-6492-2512$$aGomez-Cabello,A.$$uUniversidad de Zaragoza
000170150 245__ $$aPrevalence of overweight and obesity in non-institutionalized people aged 65 or over from Spain: The elderly EXERNET multi-centre study
000170150 260__ $$c2011
000170150 5060_ $$aAccess copy available to the general public$$fUnrestricted
000170150 5203_ $$aCoupled with the growth of the older population, an increase in the prevalence ofoverweight and obesity in this age group has occurred in the last decades. Themain aims of the present study were (i) to provide an updated prevalence ofoverweight and obesity in a representative sample of the Spanish elderly popula-tion; (ii) to calculate the prevalence of sarcopenic obesity (SO) and (iii) to analysethe relationships between adiposity measurements and lifestyle. A cross-sectionalstudy was carried out in a sample of 3136 persons representative of the non-institutionalized population 65 years of age. Anthropometric measurementswere obtained using standardized techniques and equipment. Overall, 84% of thepopulation can be categorized as overweight and/or obese. The present studyindicates that 67% of the Spanish elderly population has an increased percentageof fat mass and more than 56% suffer from central obesity. Moreover, SO ispresent in 15% of the Spanish elderly population. Finally, a strong relationshipbetween both physically active and sedentary lifestyles and the level of adipositywas found. Prevalence of overweight and obesity among elderly people in Spain isvery high and is still increasing. Lifestyle seems to be a determinant factor in thedevelopment of obesity among elderly people
000170150 540__ $$9info:eu-repo/semantics/openAccess$$aAll rights reserved$$uhttp://www.europeana.eu/rights/rr-f/
000170150 590__ $$a7.038$$b2011
000170150 591__ $$aENDOCRINOLOGY & METABOLISM$$b10 / 122 = 0.082$$c2011$$dQ1$$eT1
000170150 655_4 $$ainfo:eu-repo/semantics/article$$vinfo:eu-repo/semantics/acceptedVersion
000170150 700__ $$aPedrero-Chamizo,R.
000170150 700__ $$aOlivares,P. R.
000170150 700__ $$aLuzardo,L.
000170150 700__ $$aJuez-Bengoechea,A.
000170150 700__ $$aMata,E.
000170150 700__ $$aAlbers,U.
000170150 700__ $$aAznar,S.
000170150 700__ $$aVilla,G.
000170150 700__ $$aEspino,L.
000170150 700__ $$aGusi,N.
000170150 700__ $$aGonzalez-Gross,M.
000170150 700__ $$0(orcid)0000-0002-7215-6931$$aCasajus,J. A.$$uUniversidad de Zaragoza
000170150 700__ $$aAra,I.
000170150 7102_ $$11006$$2245$$aUniversidad de Zaragoza$$bDpto. Fisiatría y Enfermería$$cÁrea Educación Física y Depor.
000170150 773__ $$g12, 8 (2011), 583-592$$pObes. rev.$$tObesity Reviews$$x1467-7881
000170150 8564_ $$s338556$$uhttps://zaguan.unizar.es/record/170150/files/texto_completo.pdf$$yPostprint
000170150 8564_ $$s1043990$$uhttps://zaguan.unizar.es/record/170150/files/texto_completo.jpg?subformat=icon$$xicon$$yPostprint
000170150 909CO $$ooai:zaguan.unizar.es:170150$$particulos$$pdriver
000170150 951__ $$a2026-04-10-13:53:46
000170150 980__ $$aARTICLE